Central Library OPAC University of Rajshahi

Common British grasses and legumes / (Record no. 72723)

MARC details
000 -LEADER
fixed length control field 00775nam a2200253 a 4500
001 - CONTROL NUMBER
control field 72723
003 - CONTROL NUMBER IDENTIFIER
rucl marc code BD-RjUL
005 - DATE AND TIME OF LATEST TRANSACTION
control field 20211209082313.0
008 - FIXED-LENGTH DATA ELEMENTS--GENERAL INFORMATION
fixed length control field 170522s1967 enka b 000 0 eng d
035 ## - SYSTEM CONTROL NUMBER
System control number (BD-RjUL)72941
040 ## - CATALOGING SOURCE
Original cataloging agency COO
Transcribing agency COO
Modifying agency UKM
-- EQO
-- BD-RjUL
Language of cataloging eng
041 ## - LANGUAGE CODE
Language code of text/sound track or separate title eng
082 04 - DEWEY DECIMAL CLASSIFICATION NUMBER
Edition number 23
Classification number 584.90941
Author mark and year THC 1967
100 1# - MAIN ENTRY--PERSONAL NAME
Personal name Thomas, John Owen
Dates associated with a name 1904-
9 (RLIN) 215111
245 10 - TITLE STATEMENT
Title Common British grasses and legumes /
Statement of responsibility, etc. by J. O. Thomas and L. J. Davies.
250 ## - EDITION STATEMENT
Edition statement 4th ed.
260 ## - PUBLICATION, DISTRIBUTION, ETC. (IMPRINT)
Place of publication, distribution, etc. London :
Name of publisher, distributor, etc. Longmans,
Date of publication, distribution, etc. c1964 [Impression 1967]
300 ## - PHYSICAL DESCRIPTION
Pagination 122 p. :
Illustrations illus. ;
Size 23 cm.
504 ## - BIBLIOGRAPHY, ETC. NOTE
Bibliography, etc Bibliography: p. 114.
650 #0 - SUBJECT ADDED ENTRY--TOPICAL TERM
Topical term or geographic name as entry element Grasses
Geographic subdivision Great Britain.
9 (RLIN) 215112
Topical term or geographic name as entry element Legumes.
9 (RLIN) 215113
700 1# - ADDED ENTRY--PERSONAL NAME
Personal name Davies, Lionel James
Dates associated with a name 1912-
942 ## - ADDED ENTRY ELEMENTS (KOHA)
Source of classification or shelving scheme Dewey Decimal Classification
Koha item type Books
Holdings
Lost status Source of classification or shelving scheme Damaged status Not for loan Collection code Permanent Location Current Location Shelving location Date acquired Source of acquisition Cost, normal purchase price Total Checkouts Full call number Date last seen Copy number Koha item type
  Dewey Decimal Classification   Not For Loan Non-fiction Central Library, University of Rajshahi Central Library, University of Rajshahi Reading Room 03/11/1970 Zeitlinger 21.00   584.90941 THC 1967 22/05/2017 C-1 Books